| 000 | 00361nam a2200133Ia 4500 | ||
|---|---|---|---|
| 005 | 20260328101523.0 | ||
| 008 | 260328s9999||||xx |||||||||||||| ||und|| | ||
| 100 | _aBrunskill, R.W. | ||
| 245 | 0 |
_aVernĂ¡cular Architecture of the Lake Countries / _cR.W. Brunskill |
|
| 260 | _bFaber & Faber | ||
| 300 | _a164 p. | ||
| 650 | _aARQUITECTURA VERNACULAR | ||
| 942 | _cBK | ||
| 999 |
_c9684 _d9684 |
||